| 000 | 00411nam a22001457a 4500 | ||
|---|---|---|---|
| 040 | _cDLC | ||
| 082 |
_a616.89 _bHAR |
||
| 100 |
_aHarrison, Paul _9114144 |
||
| 245 |
_aShorter Oxford Textbook of Psychiatry / _cPaul Harrison and et all |
||
| 250 | _a7th Edition. | ||
| 260 |
_aOxford : _bOxford University Press, _c2018. |
||
| 300 |
_a884 p. ; _bill, _c25 cm. |
||
| 650 |
_aPsychiatry _9114145 |
||
| 942 |
_2ddc _cBK |
||
| 999 |
_c595539 _d595539 |
||